000 00732nam a2200289Ia 4500
005 20260324145440.0
008 008 260324s9999 xx 000 0 eng d
020 _a9780203713990
037 _aEBOOK
040 _aCRL
040 _beng
040 _cCRL
041 _2eng
041 _aeng
084 _qCRL
100 _aW.W. Bartley, III; Karl Popper
_91219214
245 0 _aQuantum Theory and the Schism in Physics
245 0 _bFrom the Postscript to The Logic of Scientific Discovery
260 _bTaylor and Francis
260 _c1982
365 _a
365 _b230
856 _uhttp://www.taylorfrancis.com/books/9780203713990
942 _cEBOOK
999 _c1830921
_d1830921